Polskie miasta na 5 liter - Statystyki

Ogólne statystyki
  • Ten quiz został rozwiązany 115 razy
    102 od ostatniego zresetowania
  • Średni wynik to 37 z 101
Statystyki odpowiedzi
Miasto % Poprawnych
Sopot
80%
Iława
78%
Lubin
78%
Opole
78%
Płock
76%
Konin
74%
Chełm
68%
Radom
68%
Bytom
66%
Toruń
66%
Oława
64%
Tychy
62%
Mława
60%
Lubań
58%
Tczew
58%
Kutno
56%
Rumia
56%
Ustka
56%
Wisła
56%
Jasło
54%
Sanok
54%
Turek
54%
Luboń
50%
Marki
50%
Bytów
48%
Łomża
48%
Sejny
48%
Wolin
48%
Ząbki
48%
Żagań
48%
Wałcz
46%
Brzeg
44%
Dębno
44%
Lipno
44%
Lesko
42%
Łuków
42%
Rypin
42%
Biała
40%
Gubin
40%
Bardo
38%
Jawor
38%
Lipsk
38%
Nisko
38%
Sztum
38%
Kolno
36%
Warka
36%
Łobez
34%
Mońki
34%
Biecz
32%
Dobre
32%
Kępno
32%
Warta
32%
Wołów
32%
Żarów
32%
Dobra
30%
Gniew
30%
Iłowa
30%
Ińsko
30%
Mirsk
28%
Mordy
28%
Mrozy
28%
Rzgów
28%
Żarki
28%
Brusy
26%
Kowal
26%
Morąg
26%
Resko
26%
Zelów
26%
Dąbie
24%
Goraj
24%
Narol
24%
Syców
24%
Chocz
22%
Dukla
22%
Pasym
22%
Skała
22%
Żabno
22%
Zator
22%
Dolsk
20%
Jeżów
20%
Kunów
20%
Łasin
20%
Osiek
20%
Skępe
20%
Brody
18%
Gąbin
18%
Łagów
18%
Ujazd
18%
Dynów
16%
Jadów
16%
Nekla
16%
Płoty
16%
Różan
16%
Zduny
16%
Leśna
14%
Pszów
14%
Moryń
12%
Sława
12%
Skoki
10%
Suraż
10%
Kikół
8%
Nie znaleziono quizów pasujących do podanych kryteriów
Rozkład punktacji
Procent ludzi z każdym wynikiem
Percentyl według liczby udzielonych odpowiedzi
Twoja historia wyników
Nie rozwiązałeś tego quizu od ostatniego zresetowania